Paroles - Bené - PNL - Statistiques

Statistiques générales
  • Ce quiz a été pris 443 fois
  • Le résultat moyen est 181 sur 383
Statistiques - réponses
Paroles % Correct
Bené
98%
Bené,
98%
la
87%
à
85%
À
85%
te
85%
Je
80%
je
80%
de
77%
pas
76%
dans
75%
on
72%
On
72%
Tu
72%
tu
72%
ma
69%
brésilienne
68%
suis
67%
des
63%
ça
62%
fait
62%
balle
60%
Elle
59%
elle
59%
le
59%
Le
59%
est
57%
PNL
57%
tête
57%
se
56%
Ce
55%
quand
55%
toucheras
54%
écoute
53%
un
52%
comme
50%
me
50%
accroupie
49%
baiser
49%
passe
49%
par
48%
condamné
47%
girl
47%
Dring
46%
dring
46%
hello
46%
Comment
45%
groupies
45%
bien
43%
fais
43%
J'crois
43%
villa?
43%
ta
42%
mon
41%
va
40%
sa
39%
Et
37%
et
37%
Les
37%
les
37%
t'es
36%
T'es
36%
Sheitana
35%
soir
34%
au
31%
ces
31%
dingue-dingue
31%
une
31%
balader,
30%
igo
30%
dis
29%
Fofana
29%
j'vais
29%
qu'j'suis
29%
sors
29%
arme,
28%
Belek
28%
j'ai
28%
vais
28%
Algérie
27%
chica
27%
j'me
27%
J'roule
27%
adieu
26%
Corsica,
26%
nous
26%
tous
26%
ou
24%
pour
24%
hijo
23%
journée
23%
toute
23%
parti
22%
pense
22%
poucave
22%
avec
21%
Calimeros
21%
fé-ca
21%
frères
21%
m'rouler
21%
ami
20%
car
20%
en
20%
Yema,
20%
Yema
20%
du
19%
hola-hola,
19%
J'vois
19%
bicrave,
18%
clope,
18%
mère
18%
peines
18%
ballon
17%
faire
17%
attaquants
16%
copine
16%
feu
16%
j'sors
16%
racol'
16%
rentrer
16%
veut
16%
Bebeto,
15%
monde
15%
nada
15%
peur
15%
plus
15%
puta-puta
15%
QLF
15%
tech'
15%
flicaille
14%
j'fais
14%
n'ai
14%
noir,
14%
putain
14%
T'inquiètes
14%
Gang-gang
13%
madre
13%
mia
13%
Romário,
13%
crier
12%
violet
12%
Batistuta
11%
J'pose
11%
l'milli'
11%
pookie
11%
rassuré
11%
sur
11%
T'aimes
11%
beauté
10%
coffre
10%
J'entends
10%
litrons
10%
Zamorano,
10%
Ah
9%
ah
9%
boussa-boussa
9%
chier
9%
couilles
9%
disparaitre
9%
larmes
9%
polícia
9%
Tchikiter
9%
CK,
8%
fumée,
8%
Grosses
8%
Tchiki-Tchiki,
8%
temps
8%
tire
8%
voir
8%
Derrière
7%
ger-char'
7%
l'air
7%
sont
7%
wesh,
7%
Billets
6%
Caramelo
6%
dix-K
6%
j'aime
6%
rappelle-nous
6%
Sega-Sega
6%
cent
5%
Chica-chico,
5%
honé
5%
acres
4%
acres,
4%
d'peace
4%
miens
4%
beaux,
3%
Bil-Na,
3%
bouquet
3%
n'DA
3%
relookés
3%
ricane
3%
Di Biaggio
2%
hello girl
2%
Onizuka-byle,
2%
sentent
2%
vivre
0%
Aucun quiz correspondant
Distribution des résultats
% des personnes avec chaque résultat
Percentile par nombre de réponses
Votre historique - résultats
Vous n’avez pas pris ce quiz